00582nam a2200205Ia 4500003000400000005001700004008004100021020001900062040000700081041000800088082001600096100002200112245002700134260002000161300000900181650002300190942001300213999001900226952013100245OSt20251128103804.0250729s2005 xx 000 0 und d a978-8120708136 cAL aeng a370.15 KUNE aKundu C L9225243 aEducational psychology aNew Delhic2005 a616p aPsychology9225244 2ddccBED c236818d236818 00104070aALbALd2025-07-29eSita Book Houseg165.00l0o370.15 KUNEpBED02137r2025-07-29 16:55:08v165.00w2025-07-29yBK